000 01837nam0a2200373 4500
001 RU\NLR\bibl\1941677
005 20260405132458.0
010 _a978-5-98846-033-6
_9100
035 _a(NLR Aleph) 001930948
090 _a3434907
_c3434907
100 _a20120905d2012 |||y0rusy50 ca
101 0 _arus
102 _aRU
105 _aa |||||||||
200 1 _aСудьба и стихи Никтополиона Святского
_e[сборник]
_eк 95-летию памяти поэта
_fподгот.: Ю.Г. Крупнов
205 _a[Изд. 2-е, испр. и доп.]
210 _aСанкт-Петербург
_cСеверная звезда
_d2012
215 _a251, [5] с.
_cил., факс., портр.
_d21
320 _aБиблиогр.: с. 250-251
327 1 _aСодерж.: Стихи Никтополиона Павловича Святского; Искорки Никтополиона Святского; Баллады: Богатырь; Дон Рамиро: из испанских мотивов; Викинг Свен: из северо-северо (NNW) - западных мотивов
600 1 _aСвятский
_bН. П.
_f1854 - 1917
_gНиктополион Павлович
_92476239
_3RU\NLR\auth\661470317
686 _aШ5(2=Р)53-4Святский
686 _aШ6(2=Р)53-5
700 1 _4070
_8rus
_7ca
_aСвятский
_bН. П.
_f1854-1917
_gНиктополион Павлович
_3RU\NLR\auth\7753312
_936244
702 1 _4220
_8rus
_7ca
_aКрупнов
_bЮ. Г.
_f1937-
_gЮрий Георгиевич
_3RU\NLR\auth\7753314
_936246
801 0 _aRU
_bNLR
_c20120905
_gRCR
801 1 _aRU
_bNLR
_c20120905
830 _aавт. по кн.
942 _cBOOK
980 _aNB